000
00306nam a2200109Ia 4500
008
171211s9999 xx 000 0 und d
245
2
_a
A Companion to Rainer Werner Fassbinder
245
_c
Brigitte Peucker
260
_c
2012
650
_x
CINEMA
856
_u
http://down.ebook777.com/065/9781405191630.pdf
999
_c
349383
_d
349383